[Event "RUS-chT 12th"]
[Site "Sochi"]
[Date "2005.04.21"]
[Round "3"]
[White "Eljanov, Pavel"]
[Black "Sorokin, Maxim"]
[Result "1/2-1/2"]
[WhiteElo "2641"]
[BlackElo "2599"]
[Annotator "Huzman,A"]
[PlyCount "46"]
[EventDate "2005.04.19"]
[EventType "team-tourn"]
[EventRounds "11"]
[EventCountry "RUS"]
[SourceTitle "EXT 2020"]
[Source "ChessBase"]
[SourceDate "2019.10.17"]
[SourceVersion "1"]
[SourceVersionDate "2019.10.17"]
[SourceQuality "1"]
[WhiteTeam "Saratov Ekonomist SGSEU"]
[BlackTeam "Samara Yunilain"]
[WhiteTeamCountry "RUS"]
[BlackTeamCountry "RUS"]

1. d4 Nf6 2. c4 e6 3. Nf3 d5 4. Nc3 dxc4 5. Bg5 a6 6. a4 Nc6 7. e3 (7. e4 Na5
8. Qc2 (8. e5 h6 9. Bh4 g5 10. Nxg5 hxg5 11. Bxg5 Be7 12. Bxf6 (12. exf6 Bxf6
$13) 12... Bxf6 13. exf6 Qxf6 14. d5 Bd7 15. dxe6 fxe6 16. Qc2 Nb3 17. Rd1
O-O-O 18. Bxc4 Nd4 $17 {0-1 Shovkoplias-Yatsishin/Lvov op 2001 (29)}) 8... h6
9. Be3 c6 10. Ne5 b5 11. g3 Bb7 12. Bg2 Be7 13. O-O O-O 14. f4 Nd7 15. Rad1
Nxe5 16. dxe5 Qc7 17. Qf2 Nb3 $17 {0-1 Dive,R-Sadler,M/Hastings 1988/EXT 97 
(49)}) 7... Na5 (7... h6 8. Bh4 Na5 9. Nd2 Bb4 10. Nxc4 g5 11. Bg3 Ne4 12. Qc2
Nxg3 13. hxg3 Nxc4 14. Bxc4 Bd7 15. O-O Qe7 16. Rfc1 h5 $132 {0-1 Wallach,
K-Acosta,M/Chicago 1985/MCD (30)}) 8. Ne5 c5 (8... Be7 9. Nxc4 (9. Bxc4 $5 Nd7
$5 10. Bxe7 Qxe7 11. Nxd7 (11. Ba2 Nxe5 12. dxe5 Qc5 $11) 11... Nxc4 12. Nc5
$14) 9... Nxc4 10. Bxc4 c5 11. O-O (11. Bxf6 Bxf6 12. dxc5 Bxc3+ 13. bxc3 Qxd1+
14. Rxd1 Bd7 $11) 11... cxd4 12. exd4 O-O 13. Re1 Bd7 14. Qd3 Bc6 15. Rad1 Re8
16. Qh3 Nd5 $11 {0-1 Csala,I-Sulava,N/Budapest 1990/CBM 17 ext (43)}) 9. Bxc4 (
9. Bxf6 gxf6 10. Nxc4 cxd4 11. exd4 Rg8 12. g3 Bb4 13. Ne3 f5 14. Bg2 f4 15.
Nc2 Qb6 16. O-O Bd7 17. Nxb4 Qxb4 18. Qc2 $132 {1-0 Schlosser,P-Ott,F/Bad
Neuenahr 1989/CBM 15 (51)}) 9... cxd4 (9... Be7 10. O-O cxd4 11. exd4 Nxc4 $6 (
11... O-O 12. Bd3 Nc6 13. Nf3 $14 (13. Re1 Nxd4 14. Re3 Nf5 $13)) 12. Nxc4 a5
13. d5 $1 (13. Rc1 O-O 14. Ne5 $14) 13... exd5 (13... Nxd5 14. Bxe7 $16) 14.
Bxf6 Bxf6 15. Nxd5 Be6 (15... O-O 16. Ncb6 (16. Qf3 Be6 17. Rfd1 $14) 16... Ra6
17. Nxc8 Qxc8 18. Qb3 $14) 16. Nxf6+ Qxf6 17. Nd6+ Kf8 18. Nxb7 $6 (18. Qc2 h5
(18... g6 19. Qc5 $40) 19. Nxb7 h4 20. Nc5 $14) (18. Qd2 $5 h5 (18... Rd8 19.
Ra3 $5 $16) 19. f4 $1 $16) 18... Qe7 19. Qd6 $8 Qxd6 20. Nxd6 Ke7 $1 21. Nb5
Rhd8 $44 22. Nc7 (22. Rfd1 Rab8 (22... Rxd1+ 23. Rxd1 Rb8 $11) 23. Nd4 Kf6 24.
Nxe6 Rxd1+ 25. Rxd1 Kxe6 $11) 22... Rab8 $11 23. Nxe6 fxe6 24. Rab1 Rd2 25. b3
Rd3 26. Rfe1 Rbxb3 27. Rxb3 Rxb3 28. f4 $1 Rb4 {1/2-1/2 Eingorn,V-Gelfand,B/
Tallinn 1989/Inf 47/[Gelfand,B] (28)}) (9... Qb6 $2 10. O-O Qxb2 11. Rc1 $16 {
->}) 10. exd4 Nxc4 11. Nxc4 a5 (11... Be7 12. a5 $1 $16) (11... Bd7 $5 12. O-O
(12. d5 $140 exd5 13. Nxd5 Be6 14. Bxf6 gxf6 (14... Qxd5 15. Qxd5 Bxd5 16. Nb6
gxf6 17. Nxd5 O-O-O 18. O-O-O $16) 15. Ncb6 $16 Bb4+ $1 16. Ke2 Ba5 17. Nxa8
Bxd5 $44) 12... Bc6 13. a5 Be7 14. Nb6 Rb8 15. Bxf6 Bxf6 16. d5 exd5 17. Re1+
Kf8 18. Ncxd5 g6 19. Ra3 $1 $36) 12. Bxf6 ({After} 12. O-O $5 Be7 $140 13. d5 {
see comments to the game Eingorn-Gelfand,1989}) 12... Qxf6 (12... gxf6 13. O-O
$36 {[%cal Gd4d5]}) 13. Nb6 (13. O-O Bb4 (13... Qd8 14. Qg4 $36) (13... Be7 14.
Nb6 $16) 14. Na2 O-O (14... Qe7 15. Nb6 Rb8 16. Qg4 O-O 17. Nxb4 Qxb4 18. Qg3
$16) 15. Nxb4 axb4 16. Qd2 Bd7 17. Qxb4 Bc6 18. Ne5 $14) 13... Ra6 $1 {Nice
tactical trick allows Black to decide opening problems.} 14. Nxc8 Qd8 15. O-O
Qxc8 16. Qg4 g6 17. Nb5 (17. Rac1 Bh6 $11 {[%cal Ye8g8]}) 17... Qd7 18. d5 (18.
Rac1 Bd6 19. d5 O-O 20. Rfe1 Re8 $14) 18... Bb4 19. Rac1 O-O 20. Rfd1 h5 $1 (
20... Rc8 21. Rxc8+ Qxc8 22. h3 Qd7 23. b3 Qe7 $14) 21. Qf3 (21. Qh3 Rc8 22.
Rxc8+ Qxc8 $11) 21... exd5 22. Rxd5 Qe7 $11 23. h3 Qf6 (23... Qf6 24. Qxf6 Rxf6
25. Rd7 Re8 $132 {[%cal Ye8e2]}) 1/2-1/2

[Event "SCG-ch 1st"]
[Site "Kopaonik"]
[Date "2005.04.03"]
[Round "2"]
[White "Damljanovic, Branko"]
[Black "Todorovic, Goran M"]
[Result "1-0"]
[WhiteElo "2588"]
[BlackElo "2511"]
[Annotator "Huzman,A"]
[PlyCount "99"]
[EventDate "2005.04.02"]
[EventType "tourn"]
[EventRounds "13"]
[EventCountry "YUG"]
[EventCategory "11"]
[SourceTitle "CBM 107"]
[Source "ChessBase"]
[SourceDate "2005.08.01"]
[SourceVersion "1"]
[SourceVersionDate "2005.08.01"]
[SourceQuality "1"]

1. d4 d5 2. c4 dxc4 3. Nf3 Nf6 4. Nc3 a6 5. e4 b5 6. e5 Nd5 7. a4 Nxc3 8. bxc3
Bb7 9. e6 f6 10. Nh4 g6 (10... Qd5 11. Be2 Qe4 12. O-O Nc6 13. Bf3 Qd3 14. Qe1
f5 15. axb5 axb5 16. Rxa8+ Bxa8 17. d5 Nd8 18. Qe5 {1-0 Hottes,D-Lohsse/
Germany 1967 (18)}) 11. Be2 Bd5 (11... Qd5 12. O-O Qxe6 13. Bf3 $44) 12. O-O
Nc6 (12... Qd6 13. Bf3 c6 14. Re1 $16) 13. f4 $1 b4 (13... Bxe6 14. axb5 axb5
15. Rxa8 Qxa8 16. d5 $18) 14. f5 bxc3 (14... Bg7 15. Bh5 $1 Qc8 16. Bf3 $1 Qd8
17. fxg6 $16) 15. fxg6 ({White got big advantage by typical idea} 15. Bh5 $1
Bxe6 16. fxe6 Qxd4+ 17. Qxd4 Nxd4 18. Bf3 O-O-O 19. Rb1 $16) 15... c2 (15...
Bxe6 16. Bf3 Bd5 (16... Qd7 17. d5 c2 18. Qd2 c3 19. dxe6 $1 Qxd2 20. Bxc6+ Kd8
21. Bxd2 (21. Nf3 $5 Qd6 22. Bxa8 hxg6 23. Be4 $16) 21... cxd2 22. Bxa8 Bh6 23.
Rfd1 hxg6 24. Nf3 $16 Kc8 25. Rxd2 Bxd2 26. Nxd2 Rd8 27. Rc1 Rxd2 28. Bf3 c5
29. Kf1 c4 30. Ke1 c3 31. Be4 $18) 17. Bh5 hxg6 18. Nxg6 Rxh5 19. Qxh5 Bf7 20.
Be3 Qd5 21. Qxd5 Bxd5 22. Rac1 $14) 16. Qxc2 ({The spectacular} 16. Bh5 $3 {
[%mdl 512] leads to an unclear position after} cxd1=Q 17. Rxd1 Bf3 $3 {[%mdl
256]} 18. gxf3 (18. g7+ Bxh5 19. gxh8=Q Qd5 20. Qxh7 O-O-O $17) 18... Qd5 19.
g7+ Qxh5 20. gxh8=Q O-O-O 21. Qg8 Qxh4 22. Qg2 Qh5 $44) 16... Bxe6 17. Rd1 (17.
Be3 $5 Nb4 (17... Bh6 $2 18. Bxh6 Qxd4+ 19. Kh1 Qxh4 20. g7 Rg8 21. Qxh7 O-O-O
22. Rf4 $18) (17... hxg6 18. Nxg6 (18. Bxc4 Bxc4 19. Qxc4 Qd6 20. g3 $16) 18...
Nxd4 19. Bxd4 Qxd4+ 20. Kh1 Rh6 21. Rad1 Qe3 22. Rf3 Qg5 23. Qe4 Rxg6 24. Rg3
$1 Qe5 25. Qxg6+ Bf7 26. Qc2 $16) 18. Bh5 (18. Qb1 Rb8 19. gxh7 Nd3 $132) (18.
Qd2 a5 19. Bh5 hxg6 20. Bxg6+ Bf7 21. Bxf7+ Kxf7 22. Nf3 Qd5 $13) 18... Qd5 $1
19. Qe2 (19. Qxc4 $1 Qxh5 $1 20. Qxe6 hxg6 21. Nf3 Qd5 $15) 19... O-O-O 20. Bf3
Qd6 21. g3 $44) 17... Nb4 18. Qc3 Nd3 $4 {[%mdl 8192]} (18... Qd6 19. Bf3 (19.
Ba3 a5 20. Bxc4 hxg6 21. Bxe6 Rxh4 22. g3 Re4 $13) (19. Bh5 O-O-O 20. Ba3 a5
$13) 19... Rd8 20. Bh5 hxg6 21. Bxg6+ Kd7 22. g3 Nd5 23. Qc2 $44) 19. Bxd3 $2 (
19. Rxd3 $1 cxd3 (19... hxg6 20. Re3 $18) 20. Qc6+ Bd7 21. Bh5 $1 Bxc6 22. g7+
Kd7 23. gxh8=Q $18) 19... cxd3 20. Qxd3 $2 (20. Qc6+ $1 Bd7 21. Qd5 hxg6 (21...
Bg4 22. Qf7+ Kd7 23. Re1 hxg6 24. Nxg6 Rh5 25. Re4 Bf5 26. Nxf8+ Qxf8 27. Qd5+
$18) (21... e6 22. Qh5 $18) 22. Nxg6 e6 23. Qf3 Rh7 24. Nxf8 (24. Qxd3 Bg7 25.
Ne5 f5 26. Qg3 Qf6 27. Bg5 Qf8 28. Qf3 $18) 24... Kxf8 25. Rxd3 $40) 20... Qd5
$1 21. gxh7 (21. Ba3 $5 hxg6 22. Nxg6 Bf5 23. Qg3 Rh7 (23... Rg8 $2 24. Nf4 Qf7
25. Qf3 $18) 24. Nxf8 (24. Nf4 Qe4 25. d5 Bh6 $1 26. Qg8+ $140 Kd7 27. Qxa8
Qe3+ 28. Kh1 Bxf4 29. Qc6+ Kd8 30. Qa8+ Bc8 $19) 24... Kxf8 25. Rac1 Rg7 26.
Qf2 Be4 27. g3 Qb3 $13) 21... Qh5 22. Qg6+ Bf7 (22... Qxg6 23. Nxg6 Rxh7 24.
Bf4 (24. d5 Rd8 25. Nf4 Bg8 26. Be3 Bh6 $11) 24... c6 25. Nxf8 Kxf8 26. Rab1
Bd5 $14) 23. Qxh5 (23. Qc2 Bd5 (23... c5 24. a5 c4 $1 25. Nf5 Be6 26. Rf1 Rxh7
27. h3 $36) 24. Qg6+ Bf7 $11) 23... Bxh5 24. Re1 Rxh7 25. Bf4 {In the arising
endgame Black has good chances to equalize the game.} (25. Nf5 Bg6 $15) 25...
Kd7 (25... O-O-O $1 26. Rac1 (26. Rec1 e6 $11) 26... Rxd4 27. Rxc7+ (27. Bxc7
Rxa4 28. Nf5 Bg4 $17) 27... Kd8 28. Bg3 Rxa4 29. Rb1 Ke8 $11) 26. Rac1 (26.
Rab1 e6 27. Rec1 Bd6 28. Bxd6 Kxd6 29. g3 Kd5 30. Rb4 a5 31. Rb5+ Kxd4 $13)
26... c6 $2 (26... Rc8 $142 27. Rc3 e6 28. Rec1 c6 (28... Bd6 29. Bxd6 Kxd6 30.
Rc6+ Kd5 31. g3 $14) 29. Rb3 Bd6 30. Bxd6 Kxd6 31. Rb6 a5 $14 {/=}) 27. Rb1 Ra7
28. Bb8 (28. Rb8 Rh8 29. g4 $1 Bf7 30. Nf5 e6 (30... e5 31. Be3 $16) 31. Ne3
Rg8 32. a5 (32. Kf2 Bd6 33. Bxd6 Kxd6 34. Rb2 $16) 32... Bg7 33. Reb1 (33. Rxg8
Bxg8 34. Nc4 $16) 33... e5 34. Rxg8 Bxg8 35. Nf5 $16) 28... Ra8 29. Rb7+ (29.
Bf4 $1 Ra7 30. Rb8 Rh8 31. g4 Bf7 32. Nf5 e6 33. Ne3 $16 {[%cal Ge3c4]}) 29...
Kc8 30. Reb1 Bh6 $2 ({The move} 30... Be8 $1 {[%cal Yh7h5,Yh5a5] allows Black
to coordinate his pieces.} 31. Bg3 (31. Nf3 Bg6 32. R1b6 e6 33. Rxh7 Bxh7 34.
Bf4 Be4 $132) (31. g3 Rh5 32. Ng2 e5 (32... Rb5 $5 33. axb5 axb5 34. Ra7 (34.
Rb6 Rxb8 35. Rxb8+ Kxb8 36. Re1 $14 (36. Nf4 e5 $13)) 34... Rxb8 35. Nf4 Bd7
36. Rc1 $16) 33. dxe5 Bc5+ 34. Kh1 fxe5 35. Rc7+ Kd8 36. Rg7 Bd4 $13) 31... Rh5
32. Nf3 Ra5) 31. Kf2 Bg4 (31... Bd2 32. Bd6 Bc3 33. Bc5 $16) 32. Bg3 ({White
would receive a great advantage after a "smal" combination:} 32. Bd6 $1 Kd8 33.
Re1 $1 (33. Ng6 Bf5 34. Nxe7 Bxb1 35. Nxc6+ Ke8 36. Rxb1 Rd7 (36... Rc8 37. Rb6
$16) 37. Bb8 $1 $44) 33... Bd7 (33... Bf4 34. Bxf4 Bc8 35. Rc7 Rxh4 36. Bg3 Rh7
(36... Rxd4 37. Rcxe7 Bd7 38. Rf7 $18) 37. Rxc6 $18) 34. Rxe7 $1 Rxe7 35. Bxe7+
Kxe7 36. Nf5+ Ke6 37. Nxh6 a5 38. Ng4 Be8 39. Ne3 c5 40. Rb6+ Kf7 41. dxc5 Bxa4
42. Nc4 $18) 32... Kd8 33. Rb8+ (33. R1b6 Bc8 34. Rc7 Bd7 35. Nf3 Rg7 $16)
33... Rxb8 34. Rxb8+ Kd7 $2 (34... Bc8 $142 35. Ng6 (35. Nf5 Bd2) 35... e6 36.
Bd6 (36. Nf4 $5 Bxf4 37. Bxf4 Rh5 38. g4 Rd5 39. Be3 Kc7 40. Rb2 $16 {[%cal
Gh2h7]}) 36... Kd7 37. Bc5 Kc7 $16) 35. Ra8 Ke6 36. h3 (36. Rxa6 Kd5 37. Nf3
Bxf3 38. Kxf3 e5 39. dxe5 fxe5 40. Bf2 Rf7+ 41. Ke2 Rb7 $132) 36... Bd1 37.
Rxa6 Kd5 38. Nf5 (38. a5 $5 e6 (38... Bd2 39. Nf3 Bxf3 40. Kxf3 e6 41. Bf2 $16)
39. Nf3 Rb7 40. Rb6 Ra7 41. a6 $18) 38... e6 $2 (38... Bd2 $142 39. Ne3+ (39.
Ra7 Ke4 40. Nxe7 Bc3 $132) 39... Bxe3+ 40. Kxe3 Rg7 $16) 39. Nxh6 Rxh6 40. a5
Rh7 41. Rb6 Ba4 (41... Ra7 42. a6 Ra8 43. Bb8 $18) 42. a6 e5 (42... Ra7 43. Bb8
Ra8 44. a7 $18) 43. Rb7 Rh8 44. a7 Ra8 45. dxe5 fxe5 46. Re7 c5 47. Bxe5 Rf8+
48. Ke3 Bc6 49. h4 Kc4 50. h5 1-0

[Event "Petrov Memorial op"]
[Site "St Petersburg"]
[Date "2000.02.15"]
[Round "8"]
[White "Ulko, Jaroslav"]
[Black "Kashtanov, Ruslan"]
[Result "1-0"]
[WhiteElo "2459"]
[BlackElo "2325"]
[Annotator "Huzman,A"]
[PlyCount "73"]
[EventDate "2000.02.05"]
[EventType "swiss"]
[EventRounds "9"]
[EventCountry "RUS"]
[SourceTitle "CBM 076"]
[Source "ChessBase"]
[SourceDate "2000.05.31"]
[SourceVersion "1"]
[SourceVersionDate "2000.05.31"]
[SourceQuality "1"]

1. d4 d5 2. c4 dxc4 3. Nf3 Nf6 4. Nc3 a6 5. e4 b5 6. e5 Nd5 7. a4 e6 8. axb5
Nb6 9. Ng5 Bb7 10. Qh5 g6 11. Qg4 h6 (11... Bg7 12. b3 O-O 13. bxc4 axb5 14.
Rxa8 Bxa8 15. Nxb5 c5 16. Bd3 cxd4 17. O-O Nc6 18. Qh3 h6 19. Nxe6 Qd7 20. Bf5
Ne7 21. Nxg7 Nxf5 22. Nxf5 Qxf5 23. Qxf5 gxf5 24. Nxd4 $16 {1-0 Babula,V-Salai,
L/Nove Zamky 1999/EXT 2000 (52)}) 12. Nge4 N8d7 13. bxa6 Rxa6 14. Rxa6 Bxa6 15.
Be2 Be7 (15... c5 16. Be3 cxd4 17. Bxd4 Qb8 18. O-O Be7 19. Ra1 $36) 16. h4 Nb8
{[%cal Yb8c6,Yc6b4,Yb4d5]} 17. Bf3 $1 Kf8 18. h5 g5 19. Be3 Nd5 (19... Nc6 20.
Nxg5 $16) 20. O-O {[%cal Gf1a1,Ga1a8]} Nb4 21. d5 $1 {[%mdl 512] With the help
of this tupical breakthrough all White pieces turn allive.The Be3 takes the
diagonal e3-a7 ander its full control,Qg4 moves to f5 to attack the Black king,
pawn e5 moves to e6 opening the position of the Black king.} exd5 (21... Nxd5
22. Nxd5 (22. Rd1 c6) 22... exd5 23. Nc5 Bc8 (23... c6 24. e6 $40) 24. e6 c6
25. Qf5 Bf6 (25... f6 26. Ra1 $40) 26. Ne4 $1 dxe4 27. Rd1 Bd7 28. exd7 exf3
29. Bb6 $18) (21... Nd3 $5 22. d6 (22. dxe6 Bc8 23. Qg3 Bxe6 $132) 22... cxd6
23. exd6 Bxd6 24. Nxd6 Qxd6 25. Ra1 $44) 22. Nc5 Bc8 23. e6 Bf6 24. Rd1 c6 25.
N3e4 (25. Qf5 $1 {[%cal Gc3e4]} Qe7 26. N5e4 Bxc3 27. bxc3 (27. Bc5 $2 Bxe6 28.
Bxe7+ Kxe7 $19) 27... N4a6 28. Qe5 Rg8 29. Nf6 Qxe6 (29... Rg7 30. Rb1 fxe6 (
30... Qxe6 31. Qxb8 $1 Nxb8 32. Bc5+ $18) 31. Rxb8 Nxb8 32. Qxb8 $16) 30. Qxe6
(30. Qd4 c5 31. Nh7+ Ke7 32. Qxd5 Qxd5 33. Rxd5 $11) 30... fxe6 (30... Bxe6 31.
Nxg8 Kxg8 32. Rb1 $16) 31. Nxg8 Kxg8 32. Bg4 $14) 25... Nc2 (25... Bxb2 26. Rb1
dxe4 (26... Nd3 27. Qf5 Qe7 28. Rxb2 Nxb2 29. Qe5 $1 f6 30. Nxf6 $18) 27. Rxb2
exf3 28. Qxf3 Rh7 29. Rxb4 Na6 30. Nxa6 Bxa6 31. Bc5+ Kg8 32. e7 $18) 26. Bc1 (
26. Qf5 Nxe3 27. fxe3 Kg7 $17) 26... Kg7 $2 (26... fxe6 27. Nxe6+ Ke7 28. Qf5
Qf8 29. N4c5 Nd4 30. Rxd4 Na6 $1 31. Re4 $1 dxe4 32. Qxe4 $40) (26... Bd4 27.
Qf5 Qe7 28. Rxd4 Nxd4 29. Qe5 Nxf3+ 30. gxf3 Rg8 31. Nf6 $40) (26... Be5 $5 27.
Qf5 f6 $13) 27. Qf5 $1 {[%cal Gf5c2]} Na6 (27... Ne1 28. Rxe1 dxe4 29. Qxe4 Re8
30. Qxc4 $16) 28. Nxa6 Bxe6 29. Qxf6+ Qxf6 30. Nxf6 Kxf6 31. Bd2 $18 Ra8 32.
Nc5 Ke5 (32... Ra2 33. Bc3+ Ke7 34. Rc1 $18) 33. Rc1 Ra1 (33... Bf5 34. g4 Bh7
35. Bd1 Nd4 36. Bc3 $18) 34. Rxa1 Nxa1 35. Nxe6 fxe6 36. Bd1 $1 Kd4 (36... c5
37. g3 $18 {[%csl Rh6][%cal Gf2f4]}) 37. Bxg5 1-0

[Event "Excelsior Cup"]
[Site "Gothenburg"]
[Date "2001.??.??"]
[Round "9"]
[White "Bellon Lopez, Juan Manuel"]
[Black "Yakovich, Yuri"]
[Result "0-1"]
[WhiteElo "2430"]
[BlackElo "2534"]
[Annotator "Huzman,A"]
[PlyCount "70"]
[EventDate "2001.01.08"]
[EventType "tourn"]
[EventRounds "9"]
[EventCountry "SWE"]
[EventCategory "7"]
[SourceTitle "CBM 081"]
[Source "ChessBase"]
[SourceDate "2001.03.20"]
[SourceVersion "1"]
[SourceVersionDate "2001.03.20"]
[SourceQuality "1"]

1. d4 d5 2. Nf3 Nf6 3. c4 dxc4 4. Nc3 a6 5. e4 b5 6. e5 Nd5 7. a4 e6 8. axb5
Bb4 9. Bd2 Nb6 10. b3 Bb7 11. bxc4 $2 (11. bxa6 Bxf3 12. Qxf3 Qxd4 13. Bxc4
Qxe5+ 14. Be2 Nd5 15. Rc1 O-O 16. O-O Bd6 17. g3 Nxa6 18. Rfe1 Qd4 19. Red1
Nab4 20. Bc4 Qf6 21. Qg2 Be5 22. Nxd5 Nxd5 23. Bxd5 exd5 24. Qxd5 Rfd8 25. Qe4
Rab8 {1/2-1/2 Maksimovic,S-Bojkovic,N/Split 1989/EXT 97 (25)}) 11... Bxf3 12.
Qxf3 Qxd4 13. Rb1 (13. Qg3 O-O $17 {[%cal Yb6c4]} 14. Rb1 $140 $2 Bxc3 15. Bxc3
Qe4+ $19) (13. Be2 N8d7 $1 (13... Qxe5 14. O-O O-O 15. c5 $5 Qxc5 (15... Bxc5
16. Bf4 Qf6 17. Ne4 $44) (15... Bxc3 16. Bxc3 Qxc5 17. Rfc1 $44) 16. Ne4 Qe7
17. Bxb4 Qxb4 18. bxa6 $44) 14. Rxa6 Rxa6 15. bxa6 Nxe5 16. Qe3 Qxe3 17. fxe3
Nbxc4 18. a7 Kd7 19. Bxc4 Nxc4 20. Rf1 f5 21. Rf4 Nxe3 $1 $17) 13... a5 $1 14.
Qd3 Qxe5+ 15. Be2 N8d7 $17 16. f4 Qd6 17. Ne4 Qxd3 18. Bxd3 f5 (18... Bxd2+ 19.
Kxd2 f5 20. Ng5 Nc5 $17) 19. Bxb4 axb4 20. Nd2 Nc5 21. Be2 Ra4 22. Kf2 Ke7 23.
Rb2 Rd8 24. Rhb1 Rxd2 $1 (24... Ra3 25. Ke1 Nd3+ 26. Bxd3 Raxd3 27. Nf3 Nxc4
28. Rxb4 Ne3 29. Rc1 $132) 25. Rxd2 Ne4+ 26. Ke1 Nxd2 27. Kxd2 Kd6 $19 28. c5+
Kxc5 29. Rc1+ Kd4 $1 (29... Kd6 30. Rc6+ Kd7 $19) 30. Rxc7 Ra2+ 31. Kd1 b3 32.
Rc6 Ra1+ 33. Kd2 b2 34. Rd6+ Nd5 35. Bd3 Rd1+ $1 (35... Rd1+ 36. Kxd1 Kxd3 $19
{[%cal Yb2b1]}) 0-1

[Event "Linares Anibal op 08th"]
[Site "Linares"]
[Date "2001.01.15"]
[Round "8"]
[White "Najer, Evgeniy"]
[Black "Sulskis, Sarunas"]
[Result "1/2-1/2"]
[WhiteElo "2616"]
[BlackElo "2501"]
[Annotator "Huzman,A"]
[PlyCount "38"]
[EventDate "2001.01.08"]
[EventType "swiss"]
[EventRounds "11"]
[EventCountry "ESP"]
[SourceTitle "CBM 081"]
[Source "ChessBase"]
[SourceDate "2001.03.20"]
[SourceVersion "1"]
[SourceVersionDate "2001.03.20"]
[SourceQuality "1"]

1. d4 d5 2. c4 dxc4 3. Nf3 Nf6 4. Nc3 a6 5. e4 b5 6. e5 Nd5 7. a4 e6 8. axb5
Nb6 9. Be2 Be7 10. O-O O-O (10... Bb7 11. bxa6 Rxa6 12. Rxa6 Nxa6 13. Na4 Qd5
14. Ne1 Qc6 15. Nxb6 cxb6 16. Bf3 Qd7 17. b3 cxb3 18. Qxb3 Bxf3 19. Nxf3 Nb4
20. Ba3 Nd5 21. Bxe7 Qxe7 22. Qa4+ Qd7 23. Qa8+ Qd8 24. Qc6+ Qd7 25. Qa8+ {
1/2-1/2 Van Wely,L-Miles,A/Capablanca mem 1995/CBM 48 (25)}) 11. Be3 axb5 (
11... Bb7 12. bxa6 Rxa6 13. Rxa6 Nxa6 14. Nd2 Qa8 15. f3 Rd8 16. Qc1 c5 17.
dxc5 Bxc5 18. Bxc5 Nxc5 19. Nxc4 Nxc4 20. Bxc4 Ba6 21. Bxa6 Qxa6 22. Qe3 Qc4
23. Rd1 Rxd1+ 24. Nxd1 Qc2 25. Qd4 h6 26. Nf2 Qb1+ {1/2-1/2 Krizsany,L-Somlai,
L/HUN t-ch 1997 (26)}) 12. Rxa8 Nxa8 13. Nxb5 Nb6 14. Qc2 Nc6 15. Qe4 $1 (15.
Bxc4 $2 Nb4 16. Qe2 Nxc4 17. Qxc4 Ba6 $17) 15... Nb4 16. Qg4 $1 (16. Nc3 N4d5
17. Qg4 Nxe3 18. fxe3 c5) 16... f5 $1 17. exf6 Bxf6 18. Rd1 (18. Ne5 N4d5 (
18... Bxe5 19. dxe5 Nd3 20. Bxb6 cxb6 21. Qxc4 Nxe5 22. Qc3 $14) 19. Nxc4 e5
20. Qe4 Nxe3 21. fxe3 exd4 22. exd4 Nxc4 23. Bxc4+ Kh8 $14) 18... N4d5 19. Qe4
Bb7 $6 {In my opinion there still was plenty room for fight.It can be
illustrated by following lines:} (19... Bb7 20. Qxe6+ Kh8 {[%cal Yf8e8]} 21.
Ne5 Nxe3 22. fxe3 Bd5 (22... Bxe5 23. Qxe5 Nd5 24. Bg4 (24. Bxc4 Re8 25. Qh5 g6
26. Qe2 Nxe3 $17) 24... Qe8 (24... Nxe3 25. Qxe3 Qd5 26. Rd2 Qxb5 27. Qe7 Qe8
28. Re2 $36) 25. Qxe8 Rxe8 26. Bf3 Nxe3 27. Re1 Bxf3 28. gxf3 $16) 23. Qf5 g6 (
23... Bh4 24. Qh3 $16) 24. Qg4 Bxe5 25. dxe5 Qe7 26. Nc3 Qxe5 27. Qd4 $14) (
19... Qd7 $5 20. Nc3 Bb7 $132) 1/2-1/2

[Event "FRA-ch Haute"]
[Site "Vichy"]
[Date "2000.08.24"]
[Round "9"]
[White "Bacrot, Etienne"]
[Black "Bauer, Christian"]
[Result "1-0"]
[WhiteElo "2613"]
[BlackElo "2562"]
[Annotator "Huzman,A"]
[PlyCount "79"]
[EventDate "2000.08.15"]
[EventType "tourn"]
[EventRounds "4"]
[EventCountry "FRA"]
[SourceTitle "CBM 079"]
[Source "ChessBase"]
[SourceDate "2000.11.21"]
[SourceVersion "1"]
[SourceVersionDate "2000.11.21"]
[SourceQuality "1"]

1. d4 {Hecht} d5 2. Nf3 Nf6 3. c4 dxc4 4. Nc3 a6 5. e4 b5 6. e5 Nd5 7. a4 Nxc3
8. bxc3 Qd5 9. g3 Bb7 10. Bg2 Qd7 11. Ba3 g6 12. O-O Bg7 13. Re1 O-O 14. Bc5
Bd5 15. Ng5 Nc6 (15... Bxg2 16. Kxg2 Qd5+ 17. Ne4 Nc6 18. Qf3 Kh8 19. h4 f6 20.
exf6 Bxf6 21. Nxf6 Qxf3+ 22. Kxf3 Rxf6+ 23. Kg2 Rd8 24. axb5 axb5 25. Rab1 $44
{1-0 Cebalo,M-Ibragimov,I/Bled 1996/CBM 51 ext (41)}) 16. e6 $1 fxe6 17. Qg4
Bxg2 18. Kxg2 Qd5+ 19. f3 e5 (19... Rf5 20. Nxe6 Ne5 21. dxe5 (21. Nxc7 Nxg4
22. Nxd5 Rxd5 23. fxg4 Rxc5 24. dxc5 Bxc3 25. axb5 Bxe1 26. Rxa6 (26. b6 $5)
26... Rf8 (26... Rc8 27. b6 Bc3 (27... Rxc5 28. b7 Rb5 29. Ra8+ Kf7 30. b8=Q
Rxb8 31. Rxb8 $16) 28. c6 Be5 29. b7 Rb8 30. Ra4 $11) 27. c6 c3 28. c7) 21...
Qxe6 22. axb5 $36) 20. Ne6 exd4 21. cxd4 Rac8 (21... b4 22. Nxc7 h5 23. Qe6+
Qxe6 24. Rxe6 Nxd4 25. Rxg6 Nb3 26. Bxb4 Nxa1 27. Nxa8 Kf7 28. Rxa6 c3 $132 {
0-1 Zakharstov,V-Ibragimov,I/Smolensk 1991/CBM 24 (83)}) 22. axb5 axb5 23. Ra6
Rf5 (23... c3 24. Qe4 (24. Nf4 Rxf4 25. Qxf4 Rf8 26. Qe4 Qxe4 27. Rxe4 c2 28.
Re1 Nxd4 29. Bxd4 Bxd4 30. Rc6 b4 31. Rxc2 c5 $17) (24. Nxf8 Rxf8 $17) 24...
Qxe4 25. fxe4 Nb8 26. Ra3 Rf6 27. Nxg7 Kxg7 28. Rxc3 $44) 24. Nf4 Rxf4 (24...
Qd7 $1 25. Re6 Rxc5 26. dxc5 Ne5 27. Qg5 Qd2+ 28. Kh3 Nxf3 29. Qd5 (29. Qxe7
Qxh2+ 30. Kg4 Nd4 $17) 29... Qxd5 30. Nxd5 Ng5+ 31. Kg4 Nxe6 32. Nxe7+ Kf7 33.
Nxc8 Nxc5 34. Rc6 Ne6 $17) 25. Qxc8+ Rf8 26. Qe6+ Qxe6 27. Rxe6 Nxd4 28. Rxe7
Nb3 29. Rc6 (29. Rxc7 Nxc5 30. Rxc5 Rb8 (30... c3 31. Rxb5 Rc8 32. Ra1 c2 33.
Rc1 $16) 31. Ra5 b4 32. Rxc4 b3 33. Rac5 b2 34. Rc8+ Rxc8 35. Rxc8+ Kf7 36. Rb8
$16) 29... Rc8 (29... Bf6 30. Rexc7 Rf7 31. Rxf7 Kxf7 32. Bb4 $16) 30. Rexc7
Rxc7 31. Rxc7 Bf8 (31... Be5 32. Rc8+ Kf7 33. Bb4 $16) 32. Bxf8 Kxf8 {Hecht: '
[#] Weiß zentralisiert seinen König und der Springer ist trotz verbundener
Freibauern machtlos'} 33. Kf2 Ke8 34. Ke3 Kd8 35. Rxh7 b4 (35... Kc8 {Hecht}
36. Rg7 c3 37. Rxg6 Kc7 38. Kd3 b4 39. h4 $18 (39. Rg4 $18)) 36. Rb7 c3 37.
Rb8+ Kd7 (37... Kc7 38. Rxb4 c2 39. Rc4+ $18) 38. Kd3 Nd4 39. Rxb4 Nxf3 40. h4
{[%mdl 4]} 1-0